| 000 | 00542nam a2200205 a 4500 | ||
|---|---|---|---|
| 001 | 17667 | ||
| 003 | CO-ViMGA | ||
| 008 | 141112s2004 ck r 000 u spa d | ||
| 020 | _a9580442797 | ||
| 040 |
_aCO-ViMGA _bspa _cCO-ViMGA |
||
| 082 | 0 | 4 | _aCARca |
| 100 | 1 |
_aCarvajal, Victor _949315 |
|
| 245 | 1 | 0 | _aCartas a Bam - Bam |
| 260 |
_aBarcelona (EspaƱa), _cNorma, _c1998 |
||
| 300 | _a182.p. | ||
| 490 | _aTorre de papel | ||
| 650 | 1 | 4 |
_aCUENTOS INFANTILES CHILENOS _9756 |
| 650 | 1 | 4 |
_aFUTBOL - CUENTOS INFANTILES _925068 |
| 942 |
_2ddc _cBK |
||
| 999 |
_c27155 _d27155 |
||